| 000 | 00428pab a2200157 454500 | ||
|---|---|---|---|
| 008 | 180718b1995 xxu||||| |||| 00| 0 eng d | ||
| 100 | _aMahtani, Rajshree | ||
| 245 | _aEnhancing the role of volunteers in service organisations: some managerial issues | ||
| 260 | _c1995 | ||
| 300 | _ap.103-12 | ||
| 362 | _aJan | ||
| 650 | _aManagement | ||
| 650 | _aSocial work | ||
| 773 | _aIndian Journal of Social Work | ||
| 909 | _a32670 | ||
| 999 |
_c32670 _d32670 |
||